000 00463nam a2200181Ia 4500
001 3276
005 20260306144909.0
008 260306t2016||||xx |||||||||||||| ||spa||
041 _aESP
082 _a263
_bG14
100 _aGallagher, Timothy M.
_eAUT
245 0 _aDiscernimiento de espíritus:
_bguía ignaciana para la vida cotidiana
260 _c2016
300 _a384 páginas :
_c21 cm.
650 _aGEN
654 _aCHU
942 _cLIB
_dJUS
_fJUS
_2ddc
_n
999 _c3276
_d3276